Four Letter Geography - L - Statistics

General Stats
  • This quiz has been taken 86 times
  • The average score is 6 of 10
Answer Stats
Hint Answer % Correct
Country in Asia Laos
99%
Capital of Peru Lima
96%
Inland Water, not a Sea Lake
92%
Anywhere not water Land
82%
Capital of Togo Lome
60%
Hawaiian Celebration Luau
47%
Major River in Russia Lena
45%
Mesopotamian Instrument Lute
44%
Location of Notre Dame Lyon
34%
City in Spain and Italy Lugo
5%
No matching quizzes found
Score Distribution
Percent of People with Each Score
Percentile by Number Answered
Your Score History
You have not taken this quiz